000 01271nam a22003257a 4500
001 1520
003 FISKH
005 20231002085115.0
008 230901b cb ||||| |||| 00| 0 eng d
020 _a9789924340584
040 _aFISKH
_beng
_cFISKH
_dFISKH
082 _a959.6
100 _aMengcheang, Sungheng
245 _aPromenade a Angkor /
_bLes secrets d'Angkor :
_crédigé par Sun Heng Meng Chheang - Huot Sarith - Khuon Vichheka
260 _aPhnom Penh :
_bSipar,
_c2020
300 _a51 pages :
_b21 cm
490 _3jevoudrais savoir
_vvolume 2
505 _aZ'
520 _aBeside Angkor Wat and Bayon guides readers to know many places in Angkor Archaeological sites from Kulen mountain downwards. Each place provides historical evidence to show the duty of architecture. Moreover, it briefs about temple conservation and historical excavation.
521 8 _a1000
_bLexile
521 8 _aZ'
_bRaz-Plus
650 _2Archaeological
_vEvidence
_xArchitecture
_yConservation
700 _aSarith, Huot
_eauthor
700 _aVichheka, Khuon
_eauthor
700 _aSovanrith, Khun
_eillustrator
700 _aRotha, Ouk
_eillustrator
700 _aVisal, Seng
_eillustrator
700 _aVisoth, Seng
_eillustrator
942 _2ddc
_cBK
_n0
999 _c1520
_d1520